[Event "4NCL Division 2c"]
[Site "Hinckley Island ENG"]
[Date "2015.05.04"]
[Round "11.245"]
[White "James, Stephen B"]
[Black "Sarakauskiene, Zivile"]
[Result "0-1"]
[WhiteElo "1988"]
[BlackElo "2152"]
[PlyCount "98"]
[EventDate "2015.05.04"]
[WhiteTeam "Grantham Sharks 2"]
[BlackTeam "Guildford 3"]

1. e4 c5 2. Nf3 e6 3. d4 cxd4 4. Nxd4 a6 5. Bd3 Nf6 6. O-O Qc7 7. Qe2 d6 8. c4
Be7 9. Nc3 O-O 10. Be3 Nbd7 11. Rac1 Ne5 12. f3 Re8 13. b3 b6 14. Bb1 Bb7 15.
Qf2 Rac8 16. h3 Ned7 17. Qe1 Qb8 18. Bf2 g6 19. Nde2 Ba8 20. Nd4 Bd8 21. Qe2
Bb7 22. Qd2 Bc7 23. Rfd1 d5 24. cxd5 Bf4 25. Be3 Bxe3+ 26. Qxe3 exd5 27. Qh6
dxe4 28. fxe4 Nxe4 29. Nxe4 Bxe4 30. Bxe4 Rxc1 31. Qxc1 Rxe4 32. Qc6 Qe8 33.
Nf3 Re7 34. Rf1 Re6 35. Qc4 b5 36. Qf4 Qb8 37. Qh6 Qf8 38. Qd2 Qd6 39. Qh6 f6
40. Rc1 Nb6 41. h4 Re2 42. Re1 Qc5+ 43. Kh1 Rxe1+ 44. Nxe1 Qf2 45. Nf3 Nd5 46.
Qc1 Ne3 47. Qc8+ Kg7 48. Qc7+ Kh6 49. Qf4+ Kh5 0-1

[Event "4NCL Division 2c"]
[Site "Hinckley Island ENG"]
[Date "2015.05.04"]
[Round "11.246"]
[White "Zhang, Anthony"]
[Black "Summerscale, Claire E"]
[Result "1-0"]
[WhiteElo "2170"]
[BlackElo "1910"]
[PlyCount "51"]
[EventDate "2015.05.04"]
[WhiteTeam "Guildford 3"]
[BlackTeam "Grantham Sharks 2"]

1. d4 d5 2. Nf3 Nf6 3. c4 e6 4. Nc3 c6 5. e3 Be7 6. Qc2 Nbd7 7. b3 O-O 8. Bd3
h6 9. Bb2 b6 10. O-O Bb7 11. Qe2 Rc8 12. Rfd1 Re8 13. Ne5 Nxe5 14. dxe5 Nd7 15.
f4 Bc5 16. Kh1 Rc7 17. Bc2 dxc4 18. bxc4 Qe7 19. Ne4 Rd8 20. Qd3 g6 21. Nf6+
Kf8 22. e4 Bb4 23. a3 Ba5 24. f5 c5 25. Qb3 h5 26. Qe3 1-0

[Event "4NCL Division 2c"]
[Site "Hinckley Island ENG"]
[Date "2015.05.04"]
[Round "11.247"]
[White "Parmar, Amisha"]
[Black "Osborne, Marcus"]
[Result "0-1"]
[WhiteElo "1952"]
[BlackElo "2192"]
[PlyCount "56"]
[EventDate "2015.05.04"]
[WhiteTeam "Grantham Sharks 2"]
[BlackTeam "Guildford 3"]

1. d4 e6 2. e4 d5 3. Nc3 Bb4 4. e5 c5 5. a3 Bxc3+ 6. bxc3 Ne7 7. Qg4 O-O 8. Bd3
f5 9. Qh4 Qa5 10. Bd2 Nbc6 11. Nf3 Qa4 12. Ra2 Bd7 13. Ng5 h6 14. Nf3 c4 15.
Be2 Be8 16. g4 fxg4 17. Qxg4 Nf5 18. Rg1 Kh8 19. Qh3 Qb5 20. Ra1 Qb2 21. Rc1
Qxa3 22. Ng5 Qe7 23. Bh5 Bxh5 24. Qxh5 Qe8 25. Qh3 Kg8 26. Nf3 Qe7 27. Bxh6
Nxh6 28. Ng5 Rf5 0-1

[Event "4NCL Division 2c"]
[Site "Hinckley Island ENG"]
[Date "2015.05.04"]
[Round "11.248"]
[White "Golding, Alex"]
[Black "Puryer, Nik"]
[Result "1-0"]
[WhiteElo "2050"]
[BlackElo "1705"]
[PlyCount "89"]
[EventDate "2015.05.04"]
[WhiteTeam "Guildford 3"]
[BlackTeam "Grantham Sharks 2"]

1. e4 c5 2. Nf3 e6 3. d4 cxd4 4. Nxd4 a6 5. c4 Qc7 6. Nc3 Nc6 7. Nc2 Nf6 8. Be2
Be7 9. O-O O-O 10. Be3 d6 11. f4 Rd8 12. Bf3 Rb8 13. Qe2 Qa5 14. a3 Qc7 15. b4
Bd7 16. Rac1 b6 17. Na1 Na7 18. Nb3 Rdc8 19. Qb2 Qd8 20. e5 Ne8 21. Ne4 Bc6 22.
Rfd1 Qc7 23. Bd4 Qb7 24. Nxd6 Nxd6 25. Bxc6 Nxc6 26. exd6 Bxd6 27. Bxg7 Bxf4
28. Bf6 Ne7 29. Rc3 Ng6 30. Qe2 Qc7 31. Rh3 Be5 32. Qh5 Bxf6 33. Qxh7+ Kf8 34.
Rf1 Ke7 35. Rxf6 Kxf6 36. Rf3+ Kg5 37. h4+ Kg4 38. Rxf7 Qxf7 39. Qxf7 Rg8 40.
Qxe6+ Kxh4 41. Nd2 Kh5 42. Nf3 Kh6 43. Nd4 Kg5 44. Qf5+ Kh6 45. Ne6 1-0